| 000 | 00483nam a2200169Ia 4500 | ||
|---|---|---|---|
| 008 | 190717s9999 xx 000 0 und d | ||
| 100 | _aGeducos, Argyll Cyrus | ||
| 245 | _aPalace concerned over possible entry of nuclear warheads in West Philippine Sea/ | ||
| 245 | _cArgyll Cyrus Geducos | ||
| 260 | _bManila Bulletin | ||
| 260 | _c2018 | ||
| 300 | _aAugust 24 | ||
| 440 | _aManila Bulletin | ||
| 650 | _aMilitary | ||
| 650 | _aPhilippines | ||
| 650 | _aWest Philippines sea | ||
| 999 |
_c361992 _d361992 |
||